[Event "57th POL-ch"]
[Site "Plock POL"]
[Date "2000.04.11"]
[Round "12"]
[White "Blehm, Pawel"]
[Black "Markowski, Tomasz"]
[Result "1/2-1/2"]
[WhiteElo "2494"]
[BlackElo "2531"]
[EventDate "2000.03.31"]
[PlyCount "83"]

1.e4 c5 2.Nf3 g6 3.d4 Bg7 4.dxc5 Qa5+ 5.Nfd2 Qxc5 6.Nb3 Qc7 7.Be2 d6 8.O-O
Nd7 9.Re1 b6 10.a4 Bb7 11.Bf1 Ngf6 12.Nc3 O-O 13.Bg5 a6 14.Rb1 e6 15.Qd2 
d5 16.exd5 Nxd5 17.Nxd5 Bxd5 18.Bf4 Qb7 19.Bh6 Bxh6 20.Qxh6 Bxb3 21.cxb3 
Nc5 22.Re3 a5 23.Bc4 Rad8 24.Rbe1 Rd6 25.Rh3 f6 26.Rhe3 Re8 27.h4 Qg7 28.
Qf4 Qe7 29.Bb5 Red8 30.Bc4 Kg7 31.h5 Rd1 32.h6+ Kf7 33.Qg4 Rxe1+ 34.Rxe1 
Qd6 35.Qe2 Ke7 36.Qg4 Qd7 37.Kf1 Kf7 38.Kg1 Qd6 39.Qe2 Ke7 40.Qg4 Qd7 41.
Kf1 Qd6 42.Kg1 1/2-1/2

[Event "57th POL-ch"]
[Site "Plock POL"]
[Date "2000.04.11"]
[Round "12"]
[White "Socko, Bartosz"]
[Black "Czerwonski, Aleksander"]
[Result "1-0"]
[WhiteElo "2556"]
[BlackElo "2414"]
[EventDate "2000.03.31"]
[PlyCount "73"]

1.e4 d6 2.d4 Nf6 3.Nc3 g6 4.f3 c6 5.Be3 Qb6 6.b3 Nbd7 7.Qd2 Qa5 8.g4 Bg7 
9.Nge2 e5 10.O-O-O O-O 11.Kb1 exd4 12.Nxd4 Ne5 13.g5 Nh5 14.Bg2 b5 15.Nce2
Qa3 16.Qc1 Qa6 17.f4 c5 18.Nf3 Nc4 19.bxc4 Rb8 20.e5 Bg4 21.Rd5 dxe5 22.
fxe5 Rfe8 23.Rxc5 bxc4+ 24.Ka1 c3 25.Re1 Bxf3 26.Bxf3 Rxe5 27.Rxe5 Bxe5 
28.Bd4 Rb2 29.Bd5 Bxd4 30.Nxd4 Qd6 31.Ne2 Rb8 32.Bb3 Qe5 33.Ng3 Qd6 34.Ne4
Qd4 35.Qe3 Qxe3 36.Rxe3 Re8 37.Bxf7+ 1-0

[Event "57th POL-ch"]
[Site "Plock POL"]
[Date "2000.04.11"]
[Round "12"]
[White "Krasenkow, Michal"]
[Black "Jaracz, Pawel"]
[Result "1/2-1/2"]
[WhiteElo "2661"]
[BlackElo "2490"]
[EventDate "2000.03.31"]
[PlyCount "43"]

1.d4 Nf6 2.Nf3 e6 3.c4 b6 4.a3 Ba6 5.Nbd2 Bb7 6.b4 Be7 7.Bb2 O-O 8.Qc2 c5 
9.dxc5 bxc5 10.b5 d5 11.e3 Nbd7 12.Be2 a6 13.a4 dxc4 14.Nxc4 Be4 15.Qc3 
axb5 16.axb5 Rb8 17.Ra5 Ne8 18.O-O Bf6 19.Qa3 Bxb2 20.Nxb2 Nd6 21.Nd1 Bxf3
22.gxf3 1/2-1/2

[Event "57th POL-ch"]
[Site "Plock POL"]
[Date "2000.04.12"]
[Round "13"]
[White "Urban, Klaudiusz"]
[Black "Macieja, Bartlomiej"]
[Result "1/2-1/2"]
[WhiteElo "2467"]
[BlackElo "2558"]
[EventDate "2000.03.31"]
[PlyCount "142"]

1.d4 Nf6 2.c4 e6 3.g3 Bb4+ 4.Nd2 c5 5.dxc5 Bxc5 6.Bg2 O-O 7.Ngf3 Nc6 8.O-O
Be7 9.a3 b6 10.b4 Bb7 11.Bb2 Rc8 12.Rc1 a5 13.b5 Nb8 14.Qc2 h6 15.Rfd1 d6 
16.Bxf6 Bxf6 17.Ng5 Bxg5 18.Bxb7 Rc7 19.Bg2 Bxd2 20.Qxd2 Rd7 21.Bc6 Nxc6 
22.bxc6 Rc7 23.c5 bxc5 24.Qxd6 Qxd6 25.Rxd6 Rfc8 26.Rxc5 Kf8 27.Rxa5 Rxc6 
28.Rxc6 Rxc6 29.h4 Rc2 30.Kf1 g6 31.h5 g5 32.g4 Kg7 33.f3 Kf6 34.Kf2 Rb2 
35.Ra4 Rb3 36.Ke1 Rb1+ 37.Kd2 Rb2+ 38.Kd3 Rb3+ 39.Ke4 Rb2 40.e3 Rb3 41.Ra7
Rc3 42.Kd4 Rb3 43.a4 Ra3 44.a5 Ra4+ 45.Kc5 Ra1 46.a6 Ke5 47.Kb6 Rb1+ 48.
Kc6 Rc1+ 49.Kb7 Rb1+ 50.Kc8 Ra1 51.Ra8 Ra3 52.Ra7 Ra1 53.Kd8 f5 54.gxf5 
exf5 55.Re7+ Kd5 56.a7 g4 57.fxg4 fxg4 58.Kc8 g3 59.Rg7 g2 60.Kb8 Rb1+ 61.
Kc7 Ra1 62.Kb6 Rb1+ 63.Ka6 Ra1+ 64.Kb6 Rb1+ 65.Kc7 Ra1 66.Kb8 Rb1+ 67.Kc8 
Ra1 68.Rxg2 Rxa7 69.Rg6 Ke4 70.Re6+ Kf5 71.Rxh6 Re7 1/2-1/2

[Event "57th POL-ch"]
[Site "Plock POL"]
[Date "2000.04.12"]
[Round "13"]
[White "Grabarczyk, Miroslaw"]
[Black "Hnydiuk, Aleksander"]
[Result "1-0"]
[WhiteElo "2522"]
[BlackElo "2352"]
[EventDate "2000.03.31"]
[PlyCount "101"]

1.d4 Nf6 2.c4 e6 3.Nf3 d5 4.g3 dxc4 5.Bg2 Nc6 6.Qa4 Bb4+ 7.Bd2 Bd6 8.O-O 
O-O 9.Qxc4 e5 10.d5 Ne7 11.Nc3 Bd7 12.Bg5 Ne8 13.Rac1 h6 14.Bd2 c6 15.dxc6
Bxc6 16.Rfd1 Rc8 17.Qb3 Qb6 18.Qxb6 axb6 19.a4 Ra8 20.Be3 Bc7 21.Nb5 Rxa4 
22.Nxc7 Nxc7 23.Nxe5 Bxg2 24.Kxg2 Ncd5 25.Bd4 Nf5 26.Rc4 Rfa8 27.e4 Nxd4 
28.Rdxd4 Rxc4 29.Nxc4 b5 30.Nd6 Nc7 31.Nxf7 Ne6 32.Rd7 Ra2 33.b4 Rb2 34.
Re7 Ng5 35.Nxg5 hxg5 36.Rxb7 Rxb4 37.Kf3 Kh7 38.Rb6 Rb2 39.h3 b4 40.e5 b3 
41.Ke3 Rb1 42.Ke4 Rb2 43.f4 gxf4 44.gxf4 Re2+ 45.Kd5 b2 46.f5 Rf2 47.Ke6 
Kh6 48.Kf7+ Kg5 49.f6 gxf6 50.e6 Rc2 51.e7 1-0

[Event "57th POL-ch"]
[Site "Plock POL"]
[Date "2000.04.12"]
[Round "13"]
[White "Czerwonski, Aleksander"]
[Black "Krasenkow, Michal"]
[Result "0-1"]
[WhiteElo "2414"]
[BlackElo "2661"]
[EventDate "2000.03.31"]
[PlyCount "72"]

1.d4 d5 2.Nf3 c6 3.c4 e6 4.Nc3 dxc4 5.a4 Bb4 6.e3 b5 7.Bd2 a5 8.axb5 Bxc3 
9.Bxc3 cxb5 10.b3 Bb7 11.d5 Nf6 12.bxc4 b4 13.Bxf6 Qxf6 14.Qa4+ Nd7 15.Nd4
e5 16.Nb3 Ke7 17.Be2 Qd6 18.Nxa5 Rxa5 19.Qxa5 Ra8 20.Qxa8 Bxa8 21.Rxa8 b3 
22.O-O Qb4 23.Ra7 b2 24.Bd3 Qb6 25.Ra2 Qb3 26.Bb1 Nc5 27.Ra7+ Kf6 28.Ba2 
Qb6 29.Ra8 Ne4 30.Rc8 Qa7 31.Rc6+ Kg5 32.d6 Qxa2 33.d7 b1=Q 34.d8=Q+ f6 
35.f4+ Kh5 36.Qe8+ g6 0-1

[Event "57th POL-ch"]
[Site "Plock POL"]
[Date "2000.04.12"]
[Round "13"]
[White "Markowski, Tomasz"]
[Black "Socko, Bartosz"]
[Result "0-1"]
[WhiteElo "2531"]
[BlackElo "2556"]
[EventDate "2000.03.31"]
[PlyCount "70"]

1.g3 g6 2.Bg2 Bg7 3.c4 Nf6 4.Nc3 d6 5.d3 O-O 6.e4 c5 7.Nge2 Nc6 8.O-O Ne8 
9.Be3 Nd4 10.Rb1 a5 11.f4 Nc7 12.Qd2 Rb8 13.a4 b6 14.f5 gxf5 15.Nf4 fxe4 
16.Nh5 Nf5 17.Nxg7 Kxg7 18.Bh6+ Nxh6 19.Qg5+ Kh8 20.Qxh6 exd3 21.Ne4 f6 
22.Ng5 Bf5 23.Rxf5 fxg5 24.Rxg5 Rf7 25.Be4 Qf8 26.Qh3 d2 27.Rd1 Qc8 28.Bf5
e6 29.Bg6 Rg7 30.Rxd2 Qd7 31.Qh6 Qe7 32.Rh5 Rf8 33.Be4 Qf7 34.Rd1 Qf2+ 35.
Kh1 Qe2 0-1

[Event "57th POL-ch"]
[Site "Plock POL"]
[Date "2000.04.12"]
[Round "13"]
[White "Kempinski, Robert"]
[Black "Blehm, Pawel"]
[Result "0-1"]
[WhiteElo "2528"]
[BlackElo "2494"]
[EventDate "2000.03.31"]
[Annotator "Filipowicz"]
[PlyCount "90"]

1.d4 Nf6 2.c4 g6 3.Nc3 Bg7 4.Nf3 d6 5.Bg5 O-O 6.e3 Nbd7 7.Be2 c6 8.O-O h6 
9.Bh4 e5 10.Qc2 Qe7 11.b4 b6 12.a4 g5 13.Bg3 c5 14.bxc5 bxc5 15.dxe5 dxe5 
16.Nd2 Bb7 17.Rab1 Bc6 18.e4 Ne8 19.Nd5 Qd8 20.Ne3 Nd6 21.Rfd1 Re8 22.Nd5 
Nf8 23.Nf3 Ng6 24.Rd2 Qa5 25.Nc3 Rad8 26.Rbd1 Nb7 27.h4 g4 28.Nh2 h5 29.f3
gxf3 30.Bxf3 Nf4 31.Nf1 Rd4 32.Ne3 Red8 33.Nf5 Bxa4 34.Qb2 Bxd1 35.Nxd4 
Bxf3 36.Nxf3 Rxd2 37.Qxd2 Qxc3 38.Bxf4 exf4 39.Qd5 Qb2 40.e5 Qb6 41.Ng5 
Nd8 42.Qd7 Bh6 43.Nxf7 Nxf7 44.e6 Ne5 45.Qe8+ Bf8 
    ( 45...Bf8 46.e7 Qb1+ 47.Kf2 Qc2+ 48.Kg1 Qd1+ 49.Kf2 Nd3# )
0-1

[Event "57th POL-ch"]
[Site "Plock POL"]
[Date "2000.04.12"]
[Round "13"]
[White "Grabarczyk, Bogdan"]
[Black "Gdanski, Jacek"]
[Result "0-1"]
[WhiteElo "2394"]
[BlackElo "2535"]
[EventDate "2000.03.31"]
[PlyCount "106"]

1.e4 e6 2.d4 d5 3.Nc3 Bb4 4.Bd2 dxe4 5.Qg4 Qxd4 6.Nf3 h5 7.Qf4 Qd6 8.Qxe4 
Nf6 9.Qh4 Nc6 10.O-O-O Qe7 11.Qg3 Bd7 12.Nb5 Bxd2+ 13.Nxd2 O-O 14.Qxc7 
Rfc8 15.Qd6 a6 16.Qxe7 Nxe7 17.Nd6 Rc7 18.N2c4 Nc8 19.c3 Nxd6 20.Nxd6 Kf8 
21.Bd3 Bc6 22.f3 Bd5 23.Bb1 Ke7 24.Ne4 Nxe4 25.fxe4 Bc6 26.Rhe1 h4 27.Rd3 
Rh8 28.Rh3 Rcc8 29.Bd3 Rh6 30.Bf1 Rch8 31.Kd2 Rg6 32.g3 Rgh6 33.Bg2 hxg3 
34.Rxh6 Rxh6 35.hxg3 Rh2 36.Re2 Bb5 37.Rf2 Bf1 38.Rxf1 Rxg2+ 39.Kd3 Rxg3+ 
40.Kd4 f6 41.a4 Kd6 42.e5+ fxe5+ 43.Ke4 Rg4+ 44.Kd3 Ke7 45.b4 g5 46.c4 
Rd4+ 47.Kc3 Rf4 48.Rh1 Rf3+ 49.Kd2 g4 50.c5 g3 51.Ke2 Rf4 52.Rh7+ Kf6 53.
Rh3 g2 0-1